000 00508nam a2200181Ia 4500
005 20240403132832.0
008 131103s9999 xx 000 0 und d
040 _aLoreto College
041 _aEnglish
082 _a170
_bTAY
245 4 _aThe Living Story Of Christ And His Church
_b
250 _aselections from the living letters, living gospels and living prophecies
260 _aWheaton
_bTyndale house
_c1966
300 _a302p
650 _aMoral science
850 _aLCBED
942 _cBK
999 _c32159
_d82638